Dacca, the city of mosques / (Record no. 6262)
[ view plain ]
| 000 -LEADER | |
|---|---|
| fixed length control field | 01047nam a22003377a 4500 |
| 001 - CONTROL NUMBER | |
| JCCL Control Number | 6262 |
| 003 - CONTROL NUMBER IDENTIFIER | |
| JCCL marc code | BD-JhCC |
| 005 - DATE AND TIME OF LATEST TRANSACTION | |
| control field | 20180118163010.0 |
| 008 - FIXED-LENGTH DATA ELEMENTS--GENERAL INFORMATION | |
| fixed length control field | 821213s1981 bg af b 000 0 eng |
| 020 ## - INTERNATIONAL STANDARD BOOK NUMBER | |
| Terms of availability | Tk18.00 ( 2.00 U.S.) |
| 035 ## - SYSTEM CONTROL NUMBER | |
| system control number | MITb10324779 |
| 035 ## - SYSTEM CONTROL NUMBER | |
| system control number | (BD-JhCC)6262 |
| 040 ## - CATALOGING SOURCE | |
| Original cataloging agency | DLC |
| Transcribing agency | DLC |
| Modifying agency | m/c |
| -- | MYG |
| -- | BD-JhCC |
| 041 ## - LANGUAGE CODE | |
| Language code of Book | eng |
| 050 0# - LIBRARY OF CONGRESS CALL NUMBER | |
| Classification number | DS396.9.D3 |
| Item number | H37 1981 |
| 082 ## - DEWEY DECIMAL CLASSIFICATION NUMBER | |
| Classification number | 297.350954922 |
| Author mark and Year | HAS 1981 |
| 099 ## - LOCAL FREE-TEXT CALL NUMBER | |
| Classification number | DS396.9.D3.H37 1981 |
| 100 1# - MAIN ENTRY--PERSONAL NAME | |
| Personal name | Hasan, Sayed Mahmudul. |
| 245 10 - TITLE STATEMENT | |
| Title | Dacca, the city of mosques / |
| Statement of responsibility, etc | Syed Mahmudul Hasan. |
| 250 ## - EDITION STATEMENT | |
| Edition statement | 1st ed. |
| 260 ## - PUBLICATION, DISTRIBUTION, ETC. (IMPRINT) | |
| Place of publication, distribution, etc | Dacca : |
| Name of publisher, distributor, etc | Islamic Foundation Bangladesh, |
| Date of publication, distribution, etc | 1981. |
| 300 ## - PHYSICAL DESCRIPTION | |
| Pagination | ii, 89 p., 40 p. of plates : |
| Other physical details | ill. ; |
| Dimensions | 22 cm. |
| 490 1# - SERIES STATEMENT | |
| Series statement | I.F. publication ; |
| Volume number/sequential designation | 578 |
| 504 ## - BIBLIOGRAPHY, ETC. NOTE | |
| Bibliography, etc | Bibliography: p. 87-89. |
| 650 #0 - SUBJECT ADDED ENTRY--TOPICAL TERM | |
| Topical term or geographic name as entry element | Mosques |
| Geographic subdivision | Bangladesh |
| -- | Dhaka. |
| 651 #0 - SUBJECT ADDED ENTRY--GEOGRAPHIC NAME | |
| Geographic name | Dhaka (Bangladesh) |
| General subdivision | Description and travel. |
| 830 #0 - SERIES ADDED ENTRY--UNIFORM TITLE | |
| Uniform title | I.F. publication ; |
| Volume number/sequential designation | no. 578. |
| 942 ## - ADDED ENTRY ELEMENTS (KOHA) | |
| Source of classification or shelving scheme | Dewey Decimal Classification |
| Koha item type | Books |
| 949 ## - LOCAL PROCESSING INFORMATION (OCLC) | |
| a | MYGR |
| b | 39080004805765 |
| Source of classification or shelving scheme | Damaged status | Not for loan | Home library | Current library | Shelving location | Date of accession | Cost, normal purchase price | Total Checkouts | Full call number | Barcode | Date last seen | Copy number | Koha item type |
|---|---|---|---|---|---|---|---|---|---|---|---|---|---|
| Dewey Decimal Classification | JCC Rouf Library | JCC Rouf Library | General Stacks | 01/18/2018 | 18.00 | 297.350954922 HAS 1981 | 746 | 01/18/2018 | C-1 | Books |